000 00280nam a22001217a 4500
008 171027b xxu||||| |||| 00| 0 eng d
041 _aeng
080 _29 ED
_a336
100 _a56
101 _aFIN
245 _aTECHNIQUES OF FINANCIAL ANALYSIS
_cHELFERT.E.A
942 _2udc
_cBK
999 _c36167
_d36167